000 01252nam a2200325 a 4500
001 000111052
003 CHAP
005 20220329144156.0
008 141127s2014 mx fsm |||||||spa d
010 _a107514
011 _a108486
040 _cCHAP
090 _aTesis
100 1 _aSerrato Trujillo, Mario
_9128855
245 1 0 _aDinámica de innovación y análisis de intervención en la producción de ovinos de carne en el norte de Sinaloa
_h[En línea]
_cpor Mario Serrato Trujillo.
260 _aBermejillo, Dgo :
_bEl autor,
_c2014.
500 _aPara ver el contenido del material haga clic en la liga
502 _aTesis (Ing. Agr. en Sistemas Pecuarios de Zonas Áridas) -- UACH. Unidad Regional Universitaria de Zonas Áridas
590 _aE11695DGD
_b10
_c20141127
_lUCH01
_h1119
590 _aE5995AHE
_b05
_c20141127
_lUCH01
_h1009
590 _aE5995AHE
_b05
_c20141127
_lUCH01
_h1009
650 1 4 _aGanadería
_xInnovaciones tecnológicas.
_944755
650 1 4 _aGanadería
_xProducción.
_9127742
650 1 4 _aGanado de carne
_xProducción.
_945104
650 1 4 _aGanado lanar
_xProducción.
_945214
856 _aFinding aid
_uhttp://10.13.5.2/tesis/sist111052.pdf
_zTeclea aquí
901 _aBK
942 _cTESIS
942 _n0
999 _c107514
_d107514